000 00669nam a2200217 i 4500
001 75996
003 ES-MaACL
005 20250701212928.0
007 t|
008 040928s1951 ag ||||1| spa d
100 1 _aGroethuysen, Bernard.
_960114
245 1 0 _aAntropología filosófica /
_cBernhard Groethuysen.
260 _aBuenos Aires :
_bLosada,
_c[1951] (
_fArt. Gráf. Bartolomé U.)
300 _a388 p. ;
_c21 cm.
490 1 _aBiblioteca filosófica
700 1 _aRovira Armengol, José.
_9100141
830 0 0 _aBiblioteca filosófica
_9179275
852 _aES-MaACL
_jD-8760
_bR.34187
852 _aES-MaACL
_jC-5662
_bR.34748
999 _c75996
_d75996